[Event "SG Büchenbach/Roth e.V. 1-SF Fürth 1951 "]
[Site "?"]
[Date "2012.11.18"]
[Round "3.1"]
[White "Wittmann, Karl"]
[Black "Herning, Jens"]
[Result "1-0"]
[WhiteElo "2025"]
[BlackElo "2123"]
[PlyCount "97"]
[EventDate "2012.??.??"]
[WhiteTeam "SF Fürth 1951 e.V. 1"]
[BlackTeam "SG Büchenbach/Roth e.V. 1"]

1. e4 c5 2. Nf3 e6 3. Nc3 Nc6 4. Bb5 Nge7 5. O-O a6 6. Bxc6 Nxc6 7. d3 Be7 8.
Be3 O-O 9. Ne1 d5 10. exd5 exd5 11. d4 Bf6 12. Ne2 Re8 13. h3 Bf5 14. c3 c4 15.
Ng3 Bg6 16. Nf3 h5 17. Re1 h4 18. Nf1 Bh5 19. N1h2 Qd7 20. Qd2 Qf5 21. Bg5 Bxg5
22. Qxg5 Qxg5 23. Nxg5 f6 24. Ne6 Bf7 25. Nc5 b6 26. Nd7 b5 27. Nf3 Red8 28.
Nc5 g5 29. Re3 a5 30. a4 b4 31. Rae1 bxc3 32. bxc3 Rab8 33. Nh2 Rd6 34. f4 Rb2
35. Rf1 Bh5 36. fxg5 fxg5 37. Ne6 Rb3 38. Rf5 Kh7 39. Rxg5 Rb1+ 40. Nf1 Kh6 41.
Rf5 Kg6 42. Rf4 Bd1 43. Rxh4 Bxa4 44. Rg4+ Kh6 45. Rf4 Kh7 46. Rf6 Kh8 47. Rg3
Bc2 48. Rh6+ Bh7 49. Rg7 1-0

[Event "SG Büchenbach/Roth e.V. 1-SF Fürth 1951 "]
[Site "?"]
[Date "2012.11.18"]
[Round "3.2"]
[White "Hacker, Jonas"]
[Black "Kuehn, Daniel"]
[Result "1/2-1/2"]
[WhiteElo "2047"]
[BlackElo "2058"]
[PlyCount "64"]
[EventDate "2012.??.??"]
[WhiteTeam "SG Büchenbach/Roth e.V. 1"]
[BlackTeam "SF Fürth 1951 e.V. 1"]

1. e4 e5 2. Nf3 Nc6 3. Bb5 a6 4. Ba4 Nf6 5. O-O Be7 6. Re1 b5 7. Bb3 d6 8. c3
Na5 9. Bc2 c5 10. h3 Qc7 11. d4 O-O 12. Nbd2 Bd7 13. d5 Rfb8 14. b3 c4 15. b4
Nb7 16. a3 a5 17. Rb1 axb4 18. axb4 Ra2 19. Nf1 Nh5 20. Rb2 Ra3 21. Rb1 Ra2 22.
Rb2 Ra3 23. Ng3 Nxg3 24. fxg3 Rba8 25. Bd2 Nd8 26. Kh2 f6 27. Rf1 Nf7 28. Qe2
Ra2 29. Rxa2 Rxa2 30. Bb1 Ra3 31. Nh4 Qd8 32. Bc2 g6 1/2-1/2

[Event "SG Büchenbach/Roth e.V. 1-SF Fürth 1951 "]
[Site "?"]
[Date "2012.11.18"]
[Round "3.3"]
[White "Pasedag, Peter"]
[Black "Vasilache, Catalin"]
[Result "1-0"]
[WhiteElo "2098"]
[BlackElo "1977"]
[PlyCount "69"]
[EventDate "2012.??.??"]
[WhiteTeam "SF Fürth 1951 e.V. 1"]
[BlackTeam "SG Büchenbach/Roth e.V. 1"]

1. d4 Nf6 2. Nf3 d5 3. e3 c6 4. c4 e6 5. Nbd2 Nbd7 6. Bd3 Bd6 7. O-O O-O 8. e4
dxe4 9. Nxe4 Nxe4 10. Bxe4 h6 11. Qc2 Nf6 12. Bd3 c5 13. dxc5 Bxc5 14. Bf4 b6
15. Rad1 Qe7 16. Nd2 Bb7 17. Ne4 Nxe4 18. Bxe4 Rfd8 19. Bxb7 Qxb7 20. Be5 Rac8
21. Qe2 Qc6 22. Qg4 Bf8 23. b3 b5 24. cxb5 Qxb5 25. Bf6 Rxd1 26. Rxd1 Rc2 27.
h3 Qc5 28. Bd4 Qa3 29. Bxg7 h5 30. Qg5 Bxg7 31. Rd8+ Kh7 32. Qxh5+ Bh6 33.
Qxf7+ Bg7 34. Qh5+ Bh6 35. Rd7+ 1-0

[Event "SG Büchenbach/Roth e.V. 1-SF Fürth 1951 "]
[Site "?"]
[Date "2012.11.18"]
[Round "3.4"]
[White "Häckler, Daniel"]
[Black "Schöller, Wolfgang"]
[Result "0-1"]
[WhiteElo "2074"]
[BlackElo "1999"]
[PlyCount "48"]
[EventDate "2012.??.??"]
[WhiteTeam "SG Büchenbach/Roth e.V. 1"]
[BlackTeam "SF Fürth 1951 e.V. 1"]

1. e4 c5 2. Nf3 Nf6 3. Nc3 d5 4. exd5 Nxd5 5. Bb5+ Bd7 6. Ne5 Bxb5 7. Qf3 f6 8.
Nxb5 Na6 9. Nc4 Qd7 10. a4 Nab4 11. O-O Nxc2 12. Rb1 e6 13. Qe4 a6 14. Nc3 Ncb4
15. Re1 Kf7 16. Qf3 Nc6 17. Ne4 h6 18. d3 b5 19. Ne3 Ne5 20. Qe2 Nf4 21. Qc2
Qxd3 22. Qxd3 Nexd3 23. Rd1 Ne2+ 24. Kf1 Nexc1 0-1

[Event "SG Büchenbach/Roth e.V. 1-SF Fürth 1951 "]
[Site "?"]
[Date "2012.11.18"]
[Round "3.5"]
[White "Thiele, Heinz"]
[Black "Braun, Michael"]
[Result "1/2-1/2"]
[WhiteElo "1990"]
[BlackElo "1896"]
[PlyCount "79"]
[EventDate "2012.??.??"]
[WhiteTeam "SF Fürth 1951 e.V. 1"]
[BlackTeam "SG Büchenbach/Roth e.V. 1"]

1. c4 Nf6 2. Nc3 g6 3. g3 Bg7 4. Bg2 d6 5. d4 O-O 6. Nf3 a6 7. O-O Nbd7 8. e4
e5 9. h3 Qe8 10. Re1 Rb8 11. b3 Nh5 12. Bb2 exd4 13. Nxd4 Qe5 14. Nf3 Qa5 15.
Qc2 Ne5 16. Nxe5 Qxe5 17. Nd1 Qe7 18. Bxg7 Nxg7 19. Ne3 Be6 20. Rad1 Rbe8 21.
Qc3 Qd7 22. Kh2 Qc8 23. f4 f5 24. exf5 gxf5 25. Nd5 Qd8 26. Ne3 Qc8 27. c5 dxc5
28. Qxc5 c6 29. Nc4 Bxc4 30. Qxc4+ Kh8 31. Qc3 Rxe1 32. Rxe1 Re8 33. Re5 Qd7
34. Qe3 Kg8 35. Bf1 Rxe5 36. Qxe5 Kf7 37. Bc4+ Kg6 38. Qe3 h5 39. Be2 Qe6 40.
Qf2 1/2-1/2

[Event "SG Büchenbach/Roth e.V. 1-SF Fürth 1951 "]
[Site "?"]
[Date "2012.11.18"]
[Round "3.6"]
[White "Adler, Herbert"]
[Black "Kirbach, Thomas"]
[Result "1-0"]
[WhiteElo "1902"]
[BlackElo "1936"]
[PlyCount "69"]
[EventDate "2012.??.??"]
[WhiteTeam "SG Büchenbach/Roth e.V. 1"]
[BlackTeam "SF Fürth 1951 e.V. 1"]

1. d4 Nf6 2. c4 d6 3. Nf3 g6 4. g3 Bg7 5. Bg2 c6 6. Nc3 O-O 7. O-O Nbd7 8. e4
e5 9. h3 Re8 10. Re1 Qc7 11. Rb1 Nf8 12. Be3 Ne6 13. b4 a6 14. Qd2 exd4 15.
Nxd4 Nxd4 16. Bxd4 Be6 17. Na4 Nd7 18. Bxg7 Kxg7 19. c5 dxc5 20. bxc5 Rab8 21.
Nb6 Rbd8 22. Rb4 Qe5 23. Rd4 Qc7 24. Rd1 Re7 25. Rd6 f6 26. f4 Nxc5 27. Rxd8
Qxb6 28. Kh2 Bd5 29. Qd4 Bxe4 30. Rd6 Bxg2 31. Qxf6+ Kh6 32. Qg5+ Kg7 33. Qxe7+
Kh6 34. Qf8+ Kh5 35. g4+ 1-0

[Event "SG Büchenbach/Roth e.V. 1-SF Fürth 1951 "]
[Site "?"]
[Date "2012.11.18"]
[Round "3.7"]
[White "Dittmar, Thomas"]
[Black "Dietrich, Jochen"]
[Result "1/2-1/2"]
[WhiteElo "1795"]
[BlackElo "1881"]
[PlyCount "98"]
[EventDate "2012.??.??"]
[WhiteTeam "SF Fürth 1951 e.V. 1"]
[BlackTeam "SG Büchenbach/Roth e.V. 1"]

1. d4 Nf6 2. Nf3 g6 3. c4 Bg7 4. Nc3 d6 5. e4 O-O 6. Be2 c6 7. h3 Nbd7 8. Bg5
a6 9. O-O b5 10. b4 bxc4 11. Bxc4 Nb6 12. Bd3 Nfd7 13. Qd2 Re8 14. Rfd1 Nf8 15.
Rac1 Bb7 16. a3 a5 17. bxa5 Rxa5 18. Nd5 Nxd5 19. exd5 Rxd5 20. Be4 Ra5 21. Rb1
Ba8 22. Qc1 Ne6 23. Bd2 Ra4 24. Bxc6 Bxc6 25. Qxc6 Rxa3 26. d5 Nf8 27. Rb7 Ra8
28. Be3 Qa5 29. Bb6 Qa4 30. Re1 Qxc6 31. dxc6 Ne6 32. c7 Rec8 33. Rb1 Bf6 34.
Ba5 Kg7 35. Rb8 Nxc7 36. Bxc7 Raxb8 37. Bxb8 Rc4 38. Rd1 g5 39. Ba7 h5 40. Be3
Kg6 41. g3 g4 42. Nd2 Ra4 43. h4 d5 44. Nb3 e6 45. Nc5 Rc4 46. Nd7 Bg7 47. Bf4
Re4 48. Nc5 Rc4 49. Nd7 Re4 1/2-1/2

[Event "SG Büchenbach/Roth e.V. 1-SF Fürth 1951 "]
[Site "?"]
[Date "2012.11.18"]
[Round "3.8"]
[White "Ludwig, Michael"]
[Black "Kociurzynski, Andre"]
[Result "1/2-1/2"]
[WhiteElo "1860"]
[BlackElo "1949"]
[PlyCount "41"]
[EventDate "2012.??.??"]
[WhiteTeam "SG Büchenbach/Roth e.V. 1"]
[BlackTeam "SF Fürth 1951 e.V. 1"]

1. e4 c5 2. d4 cxd4 3. c3 d3 4. Bxd3 Nc6 5. Nf3 Qc7 6. O-O d6 7. Bf4 Nf6 8. h3
e6 9. Qe2 Be7 10. Nbd2 O-O 11. Rac1 Ne5 12. Nxe5 dxe5 13. Be3 a5 14. Nc4 Nd7
15. f4 exf4 16. Bxf4 e5 17. Bg3 f6 18. Kh1 Nc5 19. Ne3 Nxd3 20. Qxd3 Be6 21.
Nd5 1/2-1/2

[Event "SK Nürnberg 1911 e.V. 1-SW Nürnberg Süd "]
[Site "?"]
[Date "2012.11.18"]
[Round "3.1"]
[White "Eiber, Manfred"]
[Black "Fuchs, Gerhard"]
[Result "1-0"]
[WhiteElo "2100"]
[BlackElo "2073"]
[PlyCount "85"]
[EventDate "2012.??.??"]
[WhiteTeam "SW Nürnberg Süd e.V. 2"]
[BlackTeam "SK Nürnberg 1911 e.V. 1"]

1. d4 b6 2. e4 Bb7 3. Bd3 e6 4. Ne2 c5 5. c3 cxd4 6. cxd4 Nf6 7. Nbc3 Be7 8.
O-O O-O 9. f4 d5 10. e5 Ne4 11. Be3 f5 12. g4 Nc6 13. a3 Rc8 14. Ng3 Na5 15.
gxf5 exf5 16. Ngxe4 dxe4 17. Bb1 Ba6 18. d5 Bc5 19. Bxc5 Rxc5 20. Ba2 Nc4 21.
d6 Kh8 22. Qd4 Qe8 23. b4 Nxe5 24. bxc5 Nf3+ 25. Rxf3 exf3 26. Qf2 Rf6 27. Re1
Rg6+ 28. Kh1 Be2 29. Rg1 Rxg1+ 30. Kxg1 bxc5 31. Bd5 Qg6+ 32. Kh1 Qxd6 33. Bxf3
Bd3 34. Qe3 h6 35. Bd5 Bb5 36. Qe5 Qxe5 37. fxe5 Be8 38. Be6 g6 39. Kg2 Kg7 40.
Kf3 Bf7 41. Bc8 Bb3 42. Kf4 Bc2 43. h4 1-0

[Event "SK Nürnberg 1911 e.V. 1-SW Nürnberg Süd "]
[Site "?"]
[Date "2012.11.18"]
[Round "3.2"]
[White "Höwel, Karl-Adolf"]
[Black "Redzepovic, Irfan"]
[Result "0-1"]
[WhiteElo "2019"]
[BlackElo "2094"]
[PlyCount "54"]
[EventDate "2012.??.??"]
[WhiteTeam "SK Nürnberg 1911 e.V. 1"]
[BlackTeam "SW Nürnberg Süd e.V. 2"]

1. d4 d5 2. c4 e6 3. Nc3 Nf6 4. Bg5 c6 5. e3 Nbd7 6. Nf3 Bb4 7. Qb3 Qa5 8. Bxf6
Nxf6 9. Bd3 dxc4 10. Bxc4 Bd6 11. O-O Qh5 12. Rfe1 b5 13. Be2 b4 14. Ne5 Qh6
15. Bf3 O-O 16. Bxc6 Rb8 17. Nb5 Bxe5 18. dxe5 Ng4 19. h3 Nxe5 20. Nxa7 Ba6 21.
Be4 Qh4 22. Qc2 f5 23. Nc6 Rbc8 24. g3 Qf6 25. Qa4 fxe4 26. Nxe5 Qxf2+ 27. Kh1
Rc2 0-1

[Event "SK Nürnberg 1911 e.V. 1-SW Nürnberg Süd "]
[Site "?"]
[Date "2012.11.18"]
[Round "3.3"]
[White "Erlbeck, Peter"]
[Black "Pannek, Matthias"]
[Result "1-0"]
[WhiteElo "2043"]
[BlackElo "1957"]
[PlyCount "67"]
[EventDate "2012.??.??"]
[WhiteTeam "SW Nürnberg Süd e.V. 2"]
[BlackTeam "SK Nürnberg 1911 e.V. 1"]

1. e4 c5 2. Nc3 g6 3. f4 Bg7 4. Nf3 Nc6 5. Bc4 e6 6. f5 Nge7 7. fxe6 dxe6 8. d3
Nd4 9. O-O O-O 10. Bg5 Bd7 11. a4 Bc6 12. Qd2 Qd7 13. Nxd4 cxd4 14. Ne2 Kh8 15.
b4 b6 16. b5 Bb7 17. a5 Rac8 18. Qb4 Rc5 19. Bf6 Bxf6 20. Rxf6 Ng8 21. Rf2 Nh6
22. h3 e5 23. axb6 axb6 24. Rf6 Kg7 25. Rxb6 Rfc8 26. Ra7 R5c7 27. Qd6 Qxd6 28.
Rxd6 f5 29. b6 Re7 30. Bd5 Nf7 31. Re6 Rxe6 32. Bxe6 Re8 33. Bxf7 Re7 34. Bd5
1-0

[Event "SK Nürnberg 1911 e.V. 1-SW Nürnberg Süd "]
[Site "?"]
[Date "2012.11.18"]
[Round "3.5"]
[White "Konsek, Peter"]
[Black "Weinmann, Stefan"]
[Result "0-1"]
[WhiteElo "1938"]
[BlackElo "1920"]
[PlyCount "84"]
[EventDate "2012.??.??"]
[WhiteTeam "SW Nürnberg Süd e.V. 2"]
[BlackTeam "SK Nürnberg 1911 e.V. 1"]

1. c4 Nf6 2. g3 g6 3. Bg2 Bg7 4. Nc3 O-O 5. e4 d6 6. d3 Nc6 7. Nge2 Bg4 8. h3
Bd7 9. O-O e5 10. Be3 Ne8 11. Qd2 f5 12. Bg5 Nf6 13. exf5 Bxf5 14. g4 Be6 15.
b4 Rb8 16. b5 Ne7 17. Qe3 Qd7 18. Qxa7 h6 19. Bxf6 Bxf6 20. Ne4 Bg7 21. Qe3 g5
22. a4 Ng6 23. Ra3 Nh4 24. N2g3 Rf4 25. f3 Bf7 26. a5 d5 27. Qa7 Qc8 28. cxd5
Bf8 29. d6 cxd6 30. Rc3 Qd8 31. Ne2 d5 32. Nxf4 gxf4 33. Nf6+ Kg7 34. Nd7 Ra8
35. Qxb7 Qxa5 36. Rfc1 d4 37. R3c2 Ba3 38. Nxe5 Ra7 39. Qc6 Bxc1 40. Rxc1 Qd2
41. Qc2 Qe3+ 42. Kf1 Ra2 0-1

[Event "SK Nürnberg 1911 e.V. 1-SW Nürnberg Süd "]
[Site "?"]
[Date "2012.11.18"]
[Round "3.6"]
[White "Augustin, Achim"]
[Black "Wörl, Richard"]
[Result "1/2-1/2"]
[WhiteElo "1869"]
[BlackElo "1950"]
[PlyCount "73"]
[EventDate "2012.??.??"]
[WhiteTeam "SK Nürnberg 1911 e.V. 1"]
[BlackTeam "SW Nürnberg Süd e.V. 2"]

1. d4 Nf6 2. Bg5 e6 3. e4 d6 4. Nc3 Be7 5. e5 dxe5 6. dxe5 Nfd7 7. Bf4 Nc6 8.
Nf3 g5 9. Bg3 g4 10. Nd4 Ncxe5 11. Be2 h5 12. h3 gxh3 13. Rxh3 h4 14. Bh5 Rh6
15. Bf4 Bg5 16. g3 Bxf4 17. gxf4 Nc6 18. Nxc6 bxc6 19. Ne4 Qe7 20. c3 Nf6 21.
Nxf6+ Qxf6 22. Qg4 Ke7 23. Qxh4 Ba6 24. Qg5 Qxg5 25. fxg5 Rh7 26. Bg4 Rxh3 27.
Bxh3 Rh8 28. Bg2 Rh5 29. O-O-O Rxg5 30. Bxc6 Bc8 31. f4 Rg4 32. Rd4 Rg8 33. Kd2
Kf6 34. Ke3 Rh8 35. b4 Rh3+ 36. Kd2 Rh2+ 37. Ke3 1/2-1/2

[Event "SK Nürnberg 1911 e.V. 1-SW Nürnberg Süd "]
[Site "?"]
[Date "2012.11.18"]
[Round "3.7"]
[White "Klein, Waldemar"]
[Black "Wißmeier, Bernd"]
[Result "1/2-1/2"]
[WhiteElo "1927"]
[BlackElo "1899"]
[PlyCount "60"]
[EventDate "2012.??.??"]
[WhiteTeam "SW Nürnberg Süd e.V. 2"]
[BlackTeam "SK Nürnberg 1911 e.V. 1"]

1. c4 Nf6 2. g3 c6 3. Nc3 e5 4. Bg2 Na6 5. e4 Bc5 6. d3 d6 7. h3 O-O 8. Qe2 Nc7
9. Bg5 Ne6 10. Bxf6 Qxf6 11. Nf3 Nd4 12. Nxd4 Bxd4 13. O-O Qh6 14. Kh2 f5 15.
exf5 Bxf5 16. Ne4 Rae8 17. Rad1 Kh8 18. b3 Re7 19. Qd2 Qe6 20. Ng5 Qd7 21. Nf3
Bb6 22. Ng1 Ref7 23. f3 Rf6 24. g4 Be6 25. Ne2 d5 26. Kh1 a6 27. Qc3 d4 28. Qb4
Bd8 29. Ng3 Be7 30. Qe1 Rh6 1/2-1/2

[Event "SK Nürnberg 1911 e.V. 1-SW Nürnberg Süd "]
[Site "?"]
[Date "2012.11.18"]
[Round "3.8"]
[White "Götz, Dieter"]
[Black "Diehl, Achim"]
[Result "1/2-1/2"]
[WhiteElo "1839"]
[BlackElo "1987"]
[PlyCount "106"]
[EventDate "2012.??.??"]
[WhiteTeam "SK Nürnberg 1911 e.V. 1"]
[BlackTeam "SW Nürnberg Süd e.V. 2"]

1. c4 b6 2. Nc3 c5 3. e4 Bb7 4. g3 Nc6 5. Bg2 Nd4 6. Nge2 e5 7. O-O Ne7 8. d3
Ng6 9. f4 d6 10. f5 Ne7 11. g4 Nec6 12. Nd5 Nxe2+ 13. Qxe2 Nd4 14. Qf2 Bxd5 15.
exd5 Be7 16. Be3 Bg5 17. Bxd4 cxd4 18. Qf3 Be3+ 19. Kh1 Qg5 20. Rae1 h5 21. Bh3
Qh4 22. Kg2 O-O-O 23. Qg3 Qf6 24. Rxe3 h4 25. g5 hxg3 26. Rxg3 Rxh3 27. gxf6
Rxg3+ 28. hxg3 gxf6 29. Rh1 Kd7 30. g4 b5 31. cxb5 Rc8 32. Kg3 Rc5 33. a4 Rc2
34. Rb1 Rd2 35. a5 Rxd3+ 36. Kf2 Rb3 37. b6 axb6 38. a6 Kc8 39. Rc1+ Kb8 40.
Rc6 e4 41. Rxd6 Rxb2+ 42. Ke1 d3 43. Rd8+ Ka7 44. Re8 Kxa6 45. d6 e3 46. Rxe3
Kb7 47. Re7+ Kc8 48. Rxf7 Rg2 49. Rxf6 b5 50. Rg6 Kd7 51. g5 b4 52. Rg7+ Kxd6
53. Rb7 Rxg5 1/2-1/2

[Event "Schachzentrum Fürth 2002 1-SW Nürnberg S"]
[Site "?"]
[Date "2012.11.18"]
[Round "3.1"]
[White "Luther, Helmut"]
[Black "Schatz, Christian"]
[Result "1/2-1/2"]
[WhiteElo "1953"]
[BlackElo "2160"]
[PlyCount "120"]
[EventDate "2012.??.??"]
[WhiteTeam "SW Nürnberg Süd e.V. 3"]
[BlackTeam "Schachzentrum Fürth 2002 1"]

1. d4 Nf6 2. c4 c5 3. e3 g6 4. g3 Bg7 5. Bg2 cxd4 6. exd4 d5 7. cxd5 Nxd5 8.
Nc3 Nb6 9. Nge2 O-O 10. O-O Nc6 11. d5 Ne5 12. Nf4 Bg4 13. f3 Bd7 14. h4 Nbc4
15. Qe2 Qb6+ 16. Kh2 Rac8 17. Rd1 Rfe8 18. Bh3 Bxh3 19. Kxh3 Qc7 20. Kg2 Nd6
21. Rb1 Nf5 22. h5 Nc4 23. hxg6 hxg6 24. g4 Nd4 25. Qf2 e5 26. dxe6 Nxe6 27.
Nfd5 Qc5 28. Qh4 g5 29. Bxg5 Nxg5 30. Qxg5 Ne3+ 31. Kh3 Nxd5 32. Nxd5 Qd6 33.
Nf4 Qe5 34. Qxe5 Bxe5 35. Nd5 Rc2 36. g5 Kg7 37. Kg4 Bxb2 38. Nf4 b6 39. Nh5+
Kg6 40. Nf4+ Kg7 41. Nh5+ Kf8 42. Rd7 Rg2+ 43. Ng3 Be5 44. f4 Bc3 45. Rd3 Be1
46. Ra1 Ree2 47. a3 a5 48. Kh3 Bxg3 49. Rxg3 Rh2+ 50. Kg4 Rb2 51. a4 Rhf2 52.
Rf3 Rxf3 53. Kxf3 Rb4 54. Kg4 Kg7 55. Kf5 Rc4 56. Rb1 Rxa4 57. Rxb6 Rb4 58. Ra6
Rb5+ 59. Kg4 Rc5 60. Ra7 Rb5 1/2-1/2

[Event "Schachzentrum Fürth 2002 1-SW Nürnberg S"]
[Site "?"]
[Date "2012.11.18"]
[Round "3.2"]
[White "Hepting, Heinrich"]
[Black "Kuhn, Christian"]
[Result "1-0"]
[WhiteElo "2140"]
[BlackElo "1842"]
[PlyCount "75"]
[EventDate "2012.??.??"]
[WhiteTeam "Schachzentrum Fürth 2002 1"]
[BlackTeam "SW Nürnberg Süd e.V. 3"]

1. Nf3 Nf6 2. g3 g6 3. b4 Bg7 4. Bb2 O-O 5. Bg2 c6 6. O-O a5 7. a3 axb4 8. axb4
Rxa1 9. Bxa1 d5 10. d3 Nbd7 11. Nbd2 Qc7 12. c4 dxc4 13. Nxc4 Nd5 14. Bxg7 Kxg7
15. Qb3 e5 16. Rc1 f6 17. Ncxe5 Qd6 18. Nxd7 Bxd7 19. Rb1 Be6 20. Qb2 Ra8 21.
b5 c5 22. Ng5 Bg8 23. Ne4 Qe7 24. Bf3 Be6 25. b6 Ra6 26. Qc2 Ra5 27. Qd2 Ra6
28. Rc1 Rxb6 29. Nxc5 Bf7 30. e4 Nc7 31. d4 Ne6 32. Nxe6+ Bxe6 33. Bg2 Qd6 34.
h3 Ra6 35. d5 Bd7 36. Qb2 b5 37. f4 Ra3 38. e5 1-0

[Event "Schachzentrum Fürth 2002 1-SW Nürnberg S"]
[Site "?"]
[Date "2012.11.18"]
[Round "3.3"]
[White "Thürauf, Peter"]
[Black "Eckhardt, Wladislaw"]
[Result "1-0"]
[WhiteElo "1851"]
[BlackElo "2097"]
[PlyCount "73"]
[EventDate "2012.??.??"]
[WhiteTeam "SW Nürnberg Süd e.V. 3"]
[BlackTeam "Schachzentrum Fürth 2002 1"]

1. d4 f5 2. g3 Nf6 3. Bg2 g6 4. Nh3 Bg7 5. O-O O-O 6. c4 c6 7. Nc3 d6 8. Qb3
Qe8 9. d5 Na6 10. f3 e5 11. Qa3 Qe7 12. b4 Bd7 13. dxc6 Be6 14. Qa4 Rfc8 15.
Ng5 Rxc6 16. Nxe6 Qxe6 17. Qb3 Qxc4 18. b5 Qxb3 19. axb3 Rxc3 20. bxa6 Rxb3 21.
axb7 Rxb7 22. Bg5 a5 23. Rfd1 Rb6 24. Be3 Rb3 25. Bg5 Rb6 26. Be3 Rb3 27. Bg5
Ra6 28. Bf1 Rb4 29. Bd2 Rb8 30. e4 Raa8 31. Bxa5 Nxe4 32. Bc4+ Kf8 33. Bd5 Rxa5
34. Rxa5 Nc3 35. Rf1 Ke7 36. Ra7+ Ke8 37. Rxg7 1-0

[Event "Schachzentrum Fürth 2002 1-SW Nürnberg S"]
[Site "?"]
[Date "2012.11.18"]
[Round "3.4"]
[White "Tesch, Wladimir"]
[Black "Billmann, Andreas"]
[Result "1-0"]
[WhiteElo "1692"]
[BlackElo "1915"]
[PlyCount "77"]
[EventDate "2012.??.??"]
[WhiteTeam "Schachzentrum Fürth 2002 1"]
[BlackTeam "SW Nürnberg Süd e.V. 3"]

1. c4 f5 2. d4 Nf6 3. Nc3 e6 4. a3 d5 5. c5 b6 6. b4 Be7 7. e3 O-O 8. Nf3 Ne4
9. Nxe4 fxe4 10. Ne5 Bf6 11. Bb2 Nd7 12. c6 Nxe5 13. dxe5 Be7 14. b5 a6 15. Qa4
Bc5 16. Be2 Qg5 17. Bd4 Qxg2 18. Rf1 Be7 19. Kd2 Rxf2 20. Rxf2 Qxf2 21. Rf1
Qxh2 22. Kd1 h5 23. Bc3 Bc5 24. Bd4 Be7 25. Bc3 Bc5 26. Bd4 Bf8 27. Bc3 g6 28.
Rf6 Qg1+ 29. Kd2 Be7 30. Rf1 Qg5 31. Rf4 Kg7 32. Bb2 Bc5 33. Bd4 Be7 34. Rf1 h4
35. Rf4 h3 36. Rf1 h2 37. Rh1 Qg2 38. Qd1 a5 39. Bb2 {Zeit} 1-0

[Event "Schachzentrum Fürth 2002 1-SW Nürnberg S"]
[Site "?"]
[Date "2012.11.18"]
[Round "3.5"]
[White "Lais, Thomas"]
[Black "Belich, Walter"]
[Result "1-0"]
[WhiteElo "1908"]
[BlackElo "1903"]
[PlyCount "101"]
[EventDate "2012.??.??"]
[WhiteTeam "SW Nürnberg Süd e.V. 3"]
[BlackTeam "Schachzentrum Fürth 2002 1"]

1. e4 c5 2. Nf3 Nc6 3. d4 cxd4 4. Nxd4 Nf6 5. Nc3 e5 6. Ndb5 d6 7. Bg5 a6 8.
Na3 b5 9. Nd5 Be6 10. c3 Be7 11. Bxf6 gxf6 12. Nc2 f5 13. exf5 Bxf5 14. Nce3
Bg6 15. a4 Rb8 16. axb5 axb5 17. Ra6 Qc8 18. Qa1 Bd8 19. Be2 O-O 20. O-O f5 21.
Rd1 f4 22. Bg4 Qb7 23. Nf1 Bc2 24. Rd2 Ba4 25. Rxc6 Qxc6 26. Nb4 Qc4 27. Rxd6
Rf6 28. Nd2 Qf7 29. Rd7 Qg6 30. Qa2+ Kh8 31. Qd5 Qxg4 32. Rxd8+ Rxd8 33. Qxd8+
Kg7 34. Qe7+ Kg6 35. Qe8+ Kh6 36. Nf3 Qe6 37. Qb8 Qd6 38. Qxd6 Rxd6 39. h4 Rd1+
40. Kh2 e4 41. Nd4 Rd2 42. b3 Bxb3 43. Nxb3 Rxf2 44. Kg1 Rb2 45. Nd4 Kh5 46.
Nd5 Rb1+ 47. Kf2 e3+ 48. Kf3 Rf1+ 49. Ke4 Kg4 50. Nf5 Kh5 51. Nxf4+ 1-0

[Event "Schachzentrum Fürth 2002 1-SW Nürnberg S"]
[Site "?"]
[Date "2012.11.18"]
[Round "3.6"]
[White "Engel, Waldemar"]
[Black "Siptitz, Friedrich"]
[Result "0-1"]
[WhiteElo "1540"]
[BlackElo "1933"]
[PlyCount "90"]
[EventDate "2012.??.??"]
[WhiteTeam "Schachzentrum Fürth 2002 1"]
[BlackTeam "SW Nürnberg Süd e.V. 3"]

1. b4 e5 2. Bb2 d6 3. b5 c5 4. c4 f5 5. e3 Nf6 6. Nc3 Be7 7. Be2 O-O 8. d3 Be6
9. Nf3 Kh8 10. Ng5 Bg8 11. Bf3 Qc8 12. Be2 Nbd7 13. e4 Nb6 14. a4 fxe4 15.
Ngxe4 Nxe4 16. Nxe4 Qf5 17. O-O Rad8 18. Bg4 Qf7 19. Bc1 d5 20. Ng5 Qg6 21. Bh5
Qd6 22. a5 Nd7 23. Be2 Nf6 24. Qc2 h6 25. Nf3 Bh7 26. Bb2 d4 27. Nd2 e4 28. f3
e3 29. Ne4 Nxe4 30. fxe4 Bh4 31. Bf3 Bf2+ 32. Kh1 Qe5 33. b6 axb6 34. axb6 Qd6
35. Qb3 Rxf3 36. gxf3 Rf8 37. Qd1 Qxb6 38. Rb1 Qd6 39. Qb3 b6 40. Ba3 Rf6 41.
Qb5 Bg6 42. Qa6 Qe6 43. Qa8+ Kh7 44. Qd5 Qh3 45. e5 Bg3 0-1

[Event "Schachzentrum Fürth 2002 1-SW Nürnberg S"]
[Site "?"]
[Date "2012.11.18"]
[Round "3.7"]
[White "Pidtoptanyy, Igor"]
[Black "Akopdjanian, Martin"]
[Result "1-0"]
[WhiteElo "1879"]
[BlackElo "1625"]
[PlyCount "113"]
[EventDate "2012.??.??"]
[WhiteTeam "SW Nürnberg Süd e.V. 3"]
[BlackTeam "Schachzentrum Fürth 2002 1"]

1. e4 c5 2. Nf3 Nc6 3. d4 cxd4 4. Nxd4 e6 5. Nc3 Bc5 6. Nxc6 bxc6 7. Bd3 Ne7 8.
O-O Ng6 9. Qh5 Be7 10. e5 O-O 11. Re1 Qa5 12. Bd2 d5 13. Re3 h6 14. Rh3 d4 15.
Bxh6 Qxe5 16. Bg5 f5 17. Qxg6 Bxg5 18. Qxg5 dxc3 19. b3 Qf6 20. Qxf6 Rxf6 21.
f4 a5 22. a4 Bb7 23. Re3 Kf7 24. Rae1 Re8 25. Re5 Ra8 26. Rc5 Ke7 27. Ree5 Kd6
28. Rxa5 Rg8 29. Re2 g5 30. fxg5 Rxg5 31. Rae5 Rg7 32. Bc4 Bc8 33. R5e3 f4 34.
Rd3+ Kc7 35. Rxc3 Kd6 36. Rd3+ Kc7 37. Kf1 Rg5 38. Rd1 f3 39. gxf3 Rxf3+ 40.
Rf2 Rxf2+ 41. Kxf2 e5 42. h4 Rg4 43. Rh1 Bf5 44. Bd3 e4 45. Be2 Rg7 46. h5 Kd6
47. h6 Rf7 48. Ke3 Ke5 49. a5 Rf8 50. a6 Rg8 51. a7 Bh7 52. Ra1 Ra8 53. Bg4 Kd6
54. Rd1+ Kc5 55. Rd7 Bg8 56. h7 Bd5 57. c4 1-0

[Event "Schachzentrum Fürth 2002 1-SW Nürnberg S"]
[Site "?"]
[Date "2012.11.18"]
[Round "3.8"]
[White "Kilinski, Evgeni"]
[Black "Siegl, Melina"]
[Result "1/2-1/2"]
[WhiteElo "1575"]
[BlackElo "1790"]
[PlyCount "121"]
[EventDate "2012.??.??"]
[WhiteTeam "Schachzentrum Fürth 2002 1"]
[BlackTeam "SW Nürnberg Süd e.V. 3"]

1. e4 c5 2. Bc4 e6 3. d3 a6 4. Nf3 Qc7 5. a3 d6 6. O-O Nf6 7. Nc3 Be7 8. Bg5
Nbd7 9. Qd2 b5 10. Ba2 Bb7 11. Rae1 h6 12. Bf4 Nh5 13. Be3 Nb6 14. d4 b4 15.
axb4 cxb4 16. Ne2 Bxe4 17. Qxb4 d5 18. Qa5 O-O 19. Nd2 Bg6 20. c4 Qb7 21. c5
Nd7 22. Bb1 Bxb1 23. Rxb1 e5 24. Rfe1 Rfc8 25. b4 Rab8 26. Qa4 Rc6 27. Nc3 Rg6
28. Qb3 exd4 29. Bxd4 Nf4 30. g3 Bf6 31. Bxf6 Nxf6 32. b5 Qc8 33. Qa4 Nd3 34.
bxa6 Ra8 35. a7 Nxe1 36. Rxe1 Qb7 37. Nb5 Nd7 38. Nf3 Ra6 39. Rc1 Kh8 40. c6
Rxc6 41. Rxc6 Qxc6 42. Nfd4 Qb7 43. Qa3 Ne5 44. Qc5 Re8 45. Qd6 Nc4 46. Qf4 Qa6
47. Qg4 Rd8 48. Nf5 Qf6 49. Nc7 Nb6 50. Nb5 g6 51. Nfd4 Ra8 52. Qe2 Kg7 53. Qd3
Nc8 54. Qa3 Qb6 55. Qc3 Kg8 56. Qc6 Qxc6 57. Nxc6 Kf8 58. f4 Ne7 59. Ne5 Nc8
60. Nc6 Ne7 61. Ne5 1/2-1/2

[Event "SC Postbauer-Heng e.V. 1-SK Schwanstette"]
[Site "?"]
[Date "2012.11.18"]
[Round "3.1"]
[White "Manthey, Frank"]
[Black "Bauer, Andreas"]
[Result "1-0"]
[WhiteElo "2067"]
[BlackElo "2088"]
[PlyCount "49"]
[EventDate "2012.??.??"]
[WhiteTeam "SK Schwanstetten 79 e.V. 1"]
[BlackTeam "SC Postbauer-Heng e.V. 1"]

1. e4 c5 2. c3 d6 3. d4 Nf6 4. Bd3 Qc7 5. h3 g6 6. Be3 Bg7 7. Nf3 b6 8. Qe2 O-O
9. O-O Bb7 10. Nbd2 Nbd7 11. Nh2 e5 12. d5 Nh5 13. g3 a5 14. Ng4 Ndf6 15. Kh2
Bc8 16. f4 exf4 17. Nxf6+ Bxf6 18. gxf4 Bh4 19. Rg1 Kh8 20. Raf1 f5 21. Nf3
fxe4 22. Bxe4 Nxf4 23. Bxf4 Rxf4 24. Bxg6 hxg6 25. Qe8+ 1-0